| 000 | 00889cam a22002775a 4500 | ||
|---|---|---|---|
| 001 | 017379650 | ||
| 003 | OSt | ||
| 005 | 20201128023723.0 | ||
| 008 | 150504t2016 enka frbd 001 0 eng d | ||
| 020 | _a9780273793403 | ||
| 020 | _a0273793403 | ||
| 040 |
_aUk _beng _cUk _dWlAbNL _dUk _dEG-ScBUE _dEG-ScBUE |
||
| 082 | 0 | 4 |
_a620.11 _222 _bSHA |
| 100 | 1 |
_aShackelford, James F. _939827 |
|
| 245 | 1 | 0 |
_aIntroduction to materials science for engineers / _cJames F. Shackelford. |
| 250 | _a8th ed., Global ed. | ||
| 260 |
_aHarlow : _bPearson Education Limited, _cc.2016. |
||
| 300 |
_a1 v. (Various pagings) : _bill. ; _c26 cm. |
||
| 500 | _aIncludes glossary and index. | ||
| 504 | _aIncludes bibliographical references. | ||
| 650 | 7 |
_aMaterials science. _2BUEsh _91255 |
|
| 650 | 7 |
_aMaterials. _91256 _2BUEsh |
|
| 651 | _2BUEsh | ||
| 653 |
_bENGGEN _cApril2016 _cDecember2016 |
||
| 942 | _2ddc | ||
| 999 |
_c21629 _d21601 |
||